Karjyalay abhidhan (Record no. 10359)

MARC details
000 -LEADER
fixed length control field 00502cam a2200193ua 4500
001 - CONTROL NUMBER
control field 11550
005 - DATE AND TIME OF LATEST TRANSACTION
control field 20260515114751.0
008 - FIXED-LENGTH DATA ELEMENTS--GENERAL INFORMATION
fixed length control field 191004n ii |||gr||||Z||||||mul
040 ## - CATALOGING SOURCE
Transcribing agency MAIN
041 ## - LANGUAGE CODE
Language code of text/sound track or separate title mul
082 ## - DEWEY DECIMAL CLASSIFICATION NUMBER
Classification number 491.45103
100 ## - MAIN ENTRY--PERSONAL NAME
Personal name Anil Baruah,
Relator term Editor.
245 ## - TITLE STATEMENT
Title Karjyalay abhidhan
Statement of responsibility, etc. Edited by Anil Baruah
250 ## - EDITION STATEMENT
Edition statement 2nd ed.
260 ## - PUBLICATION, DISTRIBUTION, ETC.
Place of publication, distribution, etc. Guwahati:
Name of publisher, distributor, etc. Assamese language and software development centre,
Date of publication, distribution, etc. 2016.
300 ## - PHYSICAL DESCRIPTION
Extent 256p.
653 ## - INDEX TERM--UNCONTROLLED
Uncontrolled term Assamese dictionary
942 ## - ADDED ENTRY ELEMENTS (KOHA)
Koha item type Books
Holdings
Withdrawn status Lost status Damaged status Not for loan Home library Current library Shelving location Date acquired Total checkouts Full call number Barcode Date last seen Copy number Price effective from Koha item type
        Naharkatiya College Library Naharkatiya College Library General stacks 09/19/2020   491.45103 | KAR 25444 09/19/2020 1 09/19/2020 Books